<?xml version="1.0" encoding="UTF-8"?>
<collection xmlns="http://www.loc.gov/MARC21/slim">
 <record>
  <leader>01638nmm a22003371a 4500</leader>
  <controlfield tag="001">1/49947</controlfield>
  <controlfield tag="008">000323s                   ma           d</controlfield>
  <datafield tag="035" ind1=" " ind2=" ">
   <subfield code="l">22219</subfield>
  </datafield>
  <datafield tag="040" ind1=" " ind2=" ">
   <subfield code="a">GR-PeUP</subfield>
  </datafield>
  <datafield tag="082" ind1="0" ind2="0">
   <subfield code="a">CD-ROM 658.15 MB</subfield>
  </datafield>
  <datafield tag="090" ind1=" " ind2=" ">
   <subfield code="a">658.15 MB</subfield>
  </datafield>
  <datafield tag="245" ind1="0" ind2="0">
   <subfield code="a">MBA II</subfield>
   <subfield code="h">[computer file]</subfield>
  </datafield>
  <datafield tag="250" ind1=" " ind2=" ">
   <subfield code="a">Windows version.</subfield>
  </datafield>
  <datafield tag="256" ind1=" " ind2=" ">
   <subfield code="a">Computer data.</subfield>
  </datafield>
  <datafield tag="260" ind1=" " ind2=" ">
   <subfield code="a">Las Cruces, N.M. :</subfield>
   <subfield code="b">Pro One Software,</subfield>
   <subfield code="c">[199-?].</subfield>
  </datafield>
  <datafield tag="300" ind1=" " ind2=" ">
   <subfield code="a">4 computer laser optical discs :</subfield>
   <subfield code="b">sd. ;</subfield>
   <subfield code="c">4 3/4 in.</subfield>
  </datafield>
  <datafield tag="538" ind1=" " ind2=" ">
   <subfield code="a">System requirements: IBM compatible PC (486 DX2 or greater); 8 MB of RAM (12 MB recommended); Windows 3.1 or higher; 2X CD-ROM drive; video display of 256 colors; (640 X 480 resolution); 16-bit soundcard.</subfield>
  </datafield>
  <datafield tag="500" ind1=" " ind2=" ">
   <subfield code="a">Title from container.</subfield>
  </datafield>
  <datafield tag="520" ind1=" " ind2=" ">
   <subfield code="a">&quot;An essential, in-depth, career development resource for those seeking advancement to front-line, senior or executive management&quot;</subfield>
  </datafield>
  <datafield tag="505" ind1="0" ind2=" ">
   <subfield code="a">Managerial Accounting -- Strategic Management -- Business Law -- Organizational Theory.</subfield>
  </datafield>
  <datafield tag="650" ind1=" " ind2="4">
   <subfield code="a">Managerial accounting.</subfield>
  </datafield>
  <datafield tag="650" ind1=" " ind2="4">
   <subfield code="a">Strategic planning.</subfield>
  </datafield>
  <datafield tag="650" ind1=" " ind2="4">
   <subfield code="a">Business law.</subfield>
  </datafield>
  <datafield tag="650" ind1=" " ind2="4">
   <subfield code="a">Organizational behavior.</subfield>
  </datafield>
  <datafield tag="650" ind1=" " ind2="4">
   <subfield code="a">Computer software.</subfield>
  </datafield>
  <datafield tag="650" ind1=" " ind2="4">
   <subfield code="a">CD-ROMs.</subfield>
  </datafield>
  <datafield tag="710" ind1="2" ind2=" ">
   <subfield code="a">Pro One Software (Firm)</subfield>
  </datafield>
  <datafield tag="852" ind1=" " ind2=" ">
   <subfield code="a">INST</subfield>
   <subfield code="b">UNIPILB</subfield>
   <subfield code="c">REF</subfield>
   <subfield code="e">20040709</subfield>
   <subfield code="h">CD-ROM 658.15 MB</subfield>
   <subfield code="p">00133766</subfield>
   <subfield code="q">00133766</subfield>
   <subfield code="t">NOLOAN</subfield>
   <subfield code="v">τ.1:</subfield>
   <subfield code="y">23</subfield>
   <subfield code="z">τ.1</subfield>
   <subfield code="4">1</subfield>
  </datafield>
  <datafield tag="852" ind1=" " ind2=" ">
   <subfield code="a">INST</subfield>
   <subfield code="b">UNIPILB</subfield>
   <subfield code="c">REF</subfield>
   <subfield code="e">20040709</subfield>
   <subfield code="h">CD-ROM 658.15 MB</subfield>
   <subfield code="p">00134198</subfield>
   <subfield code="q">00134198</subfield>
   <subfield code="t">NOLOAN</subfield>
   <subfield code="v">τ.2:</subfield>
   <subfield code="y">23</subfield>
   <subfield code="z">τ.2</subfield>
   <subfield code="4">2</subfield>
  </datafield>
  <datafield tag="852" ind1=" " ind2=" ">
   <subfield code="a">INST</subfield>
   <subfield code="b">UNIPILB</subfield>
   <subfield code="c">REF</subfield>
   <subfield code="e">20040709</subfield>
   <subfield code="h">CD-ROM 658.15 MB</subfield>
   <subfield code="p">00134199</subfield>
   <subfield code="q">00134199</subfield>
   <subfield code="t">NOLOAN</subfield>
   <subfield code="v">τ.3:</subfield>
   <subfield code="y">23</subfield>
   <subfield code="z">τ.3</subfield>
   <subfield code="4">3</subfield>
  </datafield>
  <datafield tag="852" ind1=" " ind2=" ">
   <subfield code="a">INST</subfield>
   <subfield code="b">UNIPILB</subfield>
   <subfield code="c">REF</subfield>
   <subfield code="e">20040709</subfield>
   <subfield code="h">CD-ROM 658.15 MB</subfield>
   <subfield code="p">00134200</subfield>
   <subfield code="q">00134200</subfield>
   <subfield code="t">NOLOAN</subfield>
   <subfield code="v">τ.4:</subfield>
   <subfield code="y">23</subfield>
   <subfield code="z">τ.4</subfield>
   <subfield code="4">4</subfield>
  </datafield>
 </record>
</collection>
